Essentials of financial services / (Record no. 207993)
[ view plain ]
| 000 -LEADER | |
|---|---|
| fixed length control field | 00639nam a2200205Ia 4500 |
| 005 - DATE AND TIME OF LATEST TRANSACTION | |
| control field | 20220131143634.0 |
| 008 - FIXED-LENGTH DATA ELEMENTS--GENERAL INFORMATION | |
| fixed length control field | 210716s2010 xx 000 0 und d |
| 020 ## - INTERNATIONAL STANDARD BOOK NUMBER | |
| International Standard Book Number | 9780070083103 |
| 040 ## - CATALOGING SOURCE | |
| Transcribing agency | AIMIT LIBRARY |
| 041 ## - LANGUAGE CODE | |
| Language code of text/sound track or separate title | eng |
| 082 ## - DEWEY DECIMAL CLASSIFICATION NUMBER | |
| Classification number | 332.17 |
| Edition number | 2 |
| Item number | GURS |
| 100 ## - MAIN ENTRY--PERSONAL NAME | |
| Personal name | Gurusamy, S. |
| 9 (RLIN) | 15277 |
| 245 ## - TITLE STATEMENT | |
| Title | Essentials of financial services / |
| Statement of responsibility, etc. | By S Gurusamy. |
| 250 ## - EDITION STATEMENT | |
| Edition statement | 2nd ed. |
| 260 ## - PUBLICATION, DISTRIBUTION, ETC. | |
| Place of publication, distribution, etc. | New Delhi: |
| Name of publisher, distributor, etc. | Tata McGraw Hill Education Private Limited, |
| Date of publication, distribution, etc. | 2010. |
| 300 ## - PHYSICAL DESCRIPTION | |
| Extent | xii,408p. ; |
| Dimensions | 21.5 cm. |
| 650 ## - SUBJECT ADDED ENTRY--TOPICAL TERM | |
| Topical term or geographic name entry element | Financial services environment |
| 9 (RLIN) | 15278 |
| 650 ## - SUBJECT ADDED ENTRY--TOPICAL TERM | |
| Topical term or geographic name entry element | Public Issue Management |
| 9 (RLIN) | 15279 |
| 942 ## - ADDED ENTRY ELEMENTS (KOHA) | |
| Source of classification or shelving scheme | Dewey Decimal Classification |
| Koha item type | Book |
| Edition | 2nd |
| Call number prefix | 332.17 GURS |
| Withdrawn status | Lost status | Source of classification or shelving scheme | Damaged status | Not for loan | Collection code | Home library | Current library | Date acquired | Cost, normal purchase price | Inventory number | Total Checkouts | Full call number | Barcode | Date last seen | Cost, replacement price | Price effective from | Koha item type | Date last checked out |
|---|---|---|---|---|---|---|---|---|---|---|---|---|---|---|---|---|---|---|
| Dewey Decimal Classification | Reference Book | MBA | St Aloysius Institute of Management & Information Technology | St Aloysius Institute of Management & Information Technology | 02/21/2013 | 120.00 | Bill no:410; Bill dt:2013-02-19 | 332.17 GURS | MBA10559 | 07/21/2025 | 90.00 | 07/16/2021 | Book | |||||
| Dewey Decimal Classification | MBA | St Aloysius Institute of Management & Information Technology | St Aloysius Institute of Management & Information Technology | 02/21/2013 | 120.00 | Bill no:410; Bill dt:2013-02-19 | 332.17 GURS | MBA10560 | 05/23/2026 | 90.00 | 07/16/2021 | Book | ||||||
| Dewey Decimal Classification | MBA | St Aloysius Institute of Management & Information Technology | St Aloysius Institute of Management & Information Technology | 02/21/2013 | 120.00 | Bill no:410; Bill dt:2013-02-19 | 332.17 GURS | MBA10561 | 05/23/2026 | 90.00 | 07/16/2021 | Book | ||||||
| Dewey Decimal Classification | MBA | St Aloysius Institute of Management & Information Technology | St Aloysius Institute of Management & Information Technology | 02/21/2013 | 120.00 | Bill no:410; Bill dt:2013-02-19 | 332.17 GURS | MBA10562 | 05/23/2026 | 90.00 | 07/16/2021 | Book | ||||||
| Dewey Decimal Classification | MBA | St Aloysius Institute of Management & Information Technology | St Aloysius Institute of Management & Information Technology | 02/21/2013 | 120.00 | Bill no:410; Bill dt:2013-02-19 | 6 | 332.17 GURS | MBA10563 | 05/23/2026 | 90.00 | 07/16/2021 | Book | 12/07/2021 |